000
00300nam a22001097a 4500
008
230605b xxu||||| |||| 00| 0 eng d
082
_a
328.43805
_b
POL
100
_c
warsaw
_d
April 2010
245
_a
SENATE OF THE REPUBLIC OF POLAND
_b
Rules and regulations of the senate
300
_a
52p
942
_2
ddc
_c
BK
999
_c
345
_d
345